Nebe /
Děj nás zavádí na kliniku Child´s Hope, kde se specializující na dětskou epilepsii – přímo na komplexní parciální záchvaty. Doktor Adam Leetch se setkává s dětmi, které mu vyprávějí své sny, své vyobrazení Nebe…
Uloženo v:
| Hlavní autor: | |
|---|---|
| Médium: | E-kniha |
| Jazyk: | Czech |
| Vydáno: |
Praha :
Splendidum družstvo,
2021
|
| Tagy: |
Žádné tagy |
| LEADER | 01212nam a22002297i 4500 | ||
|---|---|---|---|
| 001 | 311334 | ||
| 007 | ta | ||
| 008 | 260601s2021 xr ||||| |||| 00| 0 cze d | ||
| 020 | |a 9990003182661 | ||
| 044 | |a xr | ||
| 100 | 1 | |a Janů, Daniel |4 aut | |
| 245 | 1 | 0 | |a Nebe / |c Janů, Daniel |
| 264 | 1 | |a Praha : |b Splendidum družstvo, |c 2021 | |
| 300 | |a 1 online zdroj (159 stran) | ||
| 336 | |a text |b txt |2 rdacontent | ||
| 337 | |a bez média |b n |2 rdamedia | ||
| 338 | |a online zdroj |b cr |2 rdacarrier | ||
| 520 | 2 | |a Děj nás zavádí na kliniku Child´s Hope, kde se specializující na dětskou epilepsii – přímo na komplexní parciální záchvaty. Doktor Adam Leetch se setkává s dětmi, které mu vyprávějí své sny, své vyobrazení Nebe… | |
| 910 | |a RBIT002 | ||
| 998 | |d 318266 |a https://core.palmknihy.cz/api/books/318266/cover?qsr4ql |b https://core.palmknihy.cz/api/books/318266/cover/400?qsr4ql |c https://core.palmknihy.cz/api/books/318266/cover/50?qsr4ql |e |g 159 |i 9990003182661 |j https://core.palmknihy.cz/api/books/318266/preview.epub |k https://core.palmknihy.cz/api/books/318266/preview.pdf |l |q 49 |r 1 |s https://www.palmknihy.cz/kniha/318266 |t ebook |y 2021 |z 1 | ||
| 999 | |d 311332 | ||